00231nam a2200073Ia 4500082001300000245006800013100003500081008004100116 aEJF BLYT 0aThe wishing chair collection : [three exciting stories in one]  a BLYTON, Enid London, 2002 210817s9999 xx 000 0 und d